000 nam a22 7a 4500
999 _c9933
_d9933
008 180208b ||||| |||| 00| 0 eng d
100 _aGorden, M
_95995
245 _aThe magic porridge pet
260 _aLondon
_bPenguin Publication
_cGOR12224